| 000 | 00625cam a2200205 4500 | ||
|---|---|---|---|
| 001 | 44850 | ||
| 010 | _a9729809518 | ||
| 021 | _b170398/01 | ||
| 090 | _a44850 | ||
| 100 | _a20021203d2001 m d0pory5003 ba | ||
| 101 | 0 | _apor | |
| 102 | _aPT | ||
| 200 | 1 |
_aAs árvores nos brasões municipais _fAntónio J. E. Estácio _ffot. Ana Beatriz Estácio... [et al.] |
|
| 210 | 9 |
_aFreixo de Espada à Cinta _cCâmara Municipal de Freixo de Espada à Cinta _d2001 |
|
| 215 |
_a124 p. _cil. _d21 cm |
||
| 675 | _a929.6 | ||
| 700 | 1 |
_aEstácio, _bAntónio Júlio E., _f1947- |
|
| 702 | 1 |
_aEstácio, _bAna Beatriz _4600 |
|
| 801 |
_aPT _gRPC |
||
| 990 | _cLIVROS | ||